Yüklüyor......

Advanced engineering mathematics/

Detaylı Bibliyografya
Yazar: Kreyszig,Erwin
Dil:English
Baskı/Yayın Bilgisi: New Delhi : Wiley, 2018.
Edisyon:10th
LEADER 00378nam a22001457a 4500
008 191107b ||||| |||| 00| 0 eng d
999 |c 344501  |d 344501 
020 |a 9788126554232 
082 |a 510.2462 
100 |a Kreyszig,Erwin 
245 |a Advanced engineering mathematics/  |c Erwin Kreyszig 
250 |a 10th 
260 |a New Delhi :  |b Wiley,  |c 2018. 
300 |a 127.;  |b PB  |c 20cm. 
942 |c BK